000 00721nam a2200241Ia 4500
003 OSt
005 20220926000807.0
006 a|||||r|||| 00| 0
007 ta
008 220923b |||||||| |||| 00| 0 eng d
037 _cGeneral Book
040 _aRTL
_cRTL
_beng
041 _2eng
_aeng
082 _aU672(J).273U.N8, M6
100 _aKumar Jainendra
_9303007
245 0 _aLand use analysis
_b A case study of Nalanda distric
260 _a New Delhi
_bInter India Publications India
_c1986
300 _axvii,292p.
_ccm.
500 _aBib p. 269-87
650 _aAgricultural Geography
942 _hU672(J).273U.N8, M6
_cGB
_2CC
999 _c599756
_d599756